000 00575nam a22001937a 4500
003 OSt
005 20180711193621.0
008 180711b xxu||||| |||| 00| 0 eng d
020 _a0851994342
040 _cDDC
082 _a641.646 TRO 2002
100 _aPena,J,E;Sharp,J,L;Wysoki,M;
_912659
245 _aTropical Fruit Pests and Pollinators;
_bBIOLOGY,ECONOMIC IMPORTANCE,NATURAL ENEMIES AND CONTROL;
260 _aUK,
_bCABI Publishing;
_c2002.
300 _avii,430p;
_bill ,col;
_c26.5cm:
504 _ait includes indexes
650 _2BIOLOGY
942 _2ddc
_cO_SHELF
999 _c6122
_d6122